000 00584nam a2200205Ia 4500
005 20250508164551.0
008 008 250505s9999 xx 000 0 hin d
037 _aTextual
040 _aFEDL
_beng
_cFEDL
041 _ahin
_2hin
084 _a371.307 8, GUP
_qFEDL
100 _aGupta Arvind
245 0 _aKabad se jugad: Vigyan ke kuch saste saral aur rochak prayog (Little science)
260 _aBhopal, India
_bEklavya
_c1989
300 _a68p.
365 _aINR
_b10
546 _aMACESE
942 _cTEXL
_h371.307 8, GUP
999 _c1389852
_d1389852